000 00440nam a2200181 a 4500
001 1766052739291
003 ACL
005 20251218154431.0
008 251218s2001##################000#0#eng##
020 _a9780091879433
082 0 4 _a641.5945
_bGRA
100 1 _aGray, Rose,
_eauthor.
245 1 0 _aRiver Cafe Cook Book Green :
260 _bEbury Press,
_c2001.
650 0 _aCookbooks.
942 _cENGLISH
040 _aACL
_beng
_cACL
999 _c603195
_d603195